90er-Jahre-Interpreten mit Nr.-1-Hits in Deutschland - Sudden Death - Statistiken

Allgemein
  • Dieses Quiz wurde 887 mal gespielt
    420 seit der letzten Aktualisierung
  • Das Durchschnittsergebnis liegt bei 3 aus 17
Answers on the Grid
Answers color-coded by a green-red scale on the quiz's grid according to % correct below.
AC/DC
Aerosmith
Die Ärzte
Backstreet Boys
Bon Jovi
Mariah Carey
Depeche Mode
Céline Dion
Eminem
Die Fantastischen Vier
David Hasselhoff
Herbert Grönemeyer
Whitney Houston
Michael Jackson
Billy Joel
Elton John
Madonna
Peter Maffay
*NSYNC
Pet Shop Boys
Prince
Die Prinzen
Pur
Rammstein
Red Hot Chili Peppers
Rednex
Santana
Britney Spears
Spice Girls
Bruce Springsteen
Sting
Die Toten Hosen
U2
 
Antwortstatistiken
Antwort % Korrekt
Quit Playing Games (with My Heart) (1996), I Want It That Way (1999) Backstreet Boys
45%
Ein Schwein namens Männer (1998) Die Ärzte
43%
I Don’t Want to Miss a Thing (1998) Aerosmith
28%
My Heart Will Go On (1997) Céline Dion
25%
Earth Song (1995), They Don’t Care About Us (1996) Michael Jackson
25%
Without You (1994) Mariah Carey
23%
Sie ist weg (1995) Die Fantastischen Vier
17%
… Baby One More Time (1998) Britney Spears
13%
Candle in the Wind (1997) Elton John
13%
I Will Always Love You (1992) Whitney Houston
13%
Wannabe (1996) Spice Girls
12%
Cotton Eye Joe (1994), Wish You Were Here (1995) Rednex
8%
Zehn kleine Jägermeister (1996) Die Toten Hosen
7%
Go West (1993) Pet Shop Boys
6%
Streets of Philadelphia (1994) Bruce Springsteen
4%
Maria Maria (1999) Santana
1%
All for Love (1994) Sting
1%
Keine übereinstimmenden Quizze gefunden
Verteilung der Resultate
Anzahl Personen mit jedem Resultat
Perzentil nach korrekt beantworteten Fragen
Ihre Resultats-Entwicklung
Sie haben dieses Quiz seit der letzten Aktualisierung nicht gespielt